000 00439nam a2200157Ia 4500
003 GCL
008 140319s9999 xx 000 0 ara d
040 _aGCL /
_cGCL
082 0 4 _aط
_b920.71
_bغ ا
100 1 _aغسان سلق
245 1 0 _aالاسكندر الاكبر /
_cغسان سلق
490 _aاعلام مبرزون
_v0
650 0 4 _aالتراجم الذاتية
650 0 4 _aالرجال - تراجم
942 _2ddc
_cBK
999 _c49409
_d49409